000 00357nam a2200133Ia 4500
008 240112s1977 xx 000 0 und d
041 _aeng
082 _a543.705
100 _aKING J.S.
245 _aCLINICAL CHEMISTRY :JOURNAL OF THE AMERICAN ASS.OF THE CLINICAL CHEMISTS
260 _bPAUL B.HARPER
_c1977
300 _a786,HB
_c(1-4)
440 _v23
999 _c1140810
_d1140810